Don't miss out : the ambitious student's guide to scholarships and loans, 1980/82 /

Bibliographic Details
Main Author: Leider, Robert, 1929-
Format: Book
Language:English
Published: Alexandria, VA : Octameron Associates, [1980]
Edition:5th ed.
Subjects:

MARC

Tag First Indicator Second Indicator Subfields
LEADER 00000cam a2200000 a 4500
001 in00000070886
005 20151008061942.0
008 810128s1980 vau b 00010 eng d
020 |a 0917760174 
035 |a (OCoLC)07087461 
035 |9 AAJ9204AM 
040 |a OCO  |c OCO  |d TXA  |d UtOrBLW 
043 |a n-us--- 
049 |a TXAM  |c [984914] 
090 |a LB2337.4  |b .L44 1980 
092 |a 378.3  |b D688-3-p 
100 1 |a Leider, Robert,  |d 1929- 
245 1 0 |a Don't miss out :  |b the ambitious student's guide to scholarships and loans, 1980/82 /  |c Robert Leider. 
250 |a 5th ed. 
264 1 |a Alexandria, VA :  |b Octameron Associates,  |c [1980] 
264 4 |c ©1980 
300 |a 56 pages ;  |c 22 cm. 
336 |a text  |b txt  |2 rdacontent 
337 |a unmediated  |b n  |2 rdamedia 
338 |a volume  |b nc  |2 rdacarrier 
500 |a Cover title. 
504 |a Bibliography: page 56. 
650 0 |a Student aid  |z United States  |v Handbooks, manuals, etc. 
999 |a MARS 
999 f f |s 0927d140-aa2e-3ce9-8cab-88a93ad91479  |i 1338bf67-4312-39c1-bf73-5a301ae260d7  |t 0 
952 f f |p normal  |a Texas A&M University  |b College Station  |c Sterling C. Evans Library  |d Evans: Library Stacks  |t 0  |e LB2337.4 .L44 1980  |h Library of Congress classification  |i unmediated -- volume  |m A14806161607 
998 f f |a LB2337.4 .L44 1980  |t 0  |l Evans: Library Stacks